Working;people talk about what they do all day and how they feel about what they do (Record no. 2677)

000 -LEADER
fixed length control field 00856cam a2200289 4500
001 - CONTROL NUMBER
control field 2669184
003 - CONTROL NUMBER IDENTIFIER
control field OSt
005 - DATE AND TIME OF LATEST TRANSACTION
control field 20160810154434.0
008 - FIXED-LENGTH DATA ELEMENTS--GENERAL INFORMATION
fixed length control field 731016s1974 nyu 000 0 eng
010 ## - LIBRARY OF CONGRESS CONTROL NUMBER
LC control number 73018037
020 ## - INTERNATIONAL STANDARD BOOK NUMBER
International Standard Book Number 0394478843
040 ## - CATALOGING SOURCE
Original cataloging agency DLC
Transcribing agency DLC
Modifying agency DLC
043 ## - GEOGRAPHIC AREA CODE
Geographic area code n-us---
050 00 - LIBRARY OF CONGRESS CALL NUMBER
Classification number HD8072.T4 1974
082 00 - DEWEY DECIMAL CLASSIFICATION NUMBER
Classification number 331.2/0973
100 1# - MAIN ENTRY--PERSONAL NAME
Personal name Terkel, Studs,
Dates associated with a name 1912-2008.
245 10 - TITLE STATEMENT
Title Working;people talk about what they do all day and how they feel about what they do
Statement of responsibility, etc [by] Studs Terkel.
250 ## - EDITION STATEMENT
Edition statement [1st ed.]
260 ## - PUBLICATION, DISTRIBUTION, ETC. (IMPRINT)
Place of publication, distribution, etc New York,
Name of publisher, distributor, etc Pantheon Books
Date of publication, distribution, etc [1974]
300 ## - PHYSICAL DESCRIPTION
Extent xlix, 589 p.
Dimensions 25 cm.
350 ## - PRICE (NR) (BK AM CF MU VM SE) [OBSOLETE]
Price $10.00
650 #0 - SUBJECT ADDED ENTRY--TOPICAL TERM
Topical term or geographic name as entry element Working class
Geographic subdivision United States
General subdivision Interviews.
650 #0 - SUBJECT ADDED ENTRY--TOPICAL TERM
Topical term or geographic name as entry element Working class
Geographic subdivision United States
General subdivision Attitudes.
650 #0 - SUBJECT ADDED ENTRY--TOPICAL TERM
Topical term or geographic name as entry element Work.
906 ## - LOCAL DATA ELEMENT F, LDF (RLIN)
a 7
b cbc
c orignew
d 1
e ocip
f 19
g y-gencatlg
942 ## - ADDED ENTRY ELEMENTS (KOHA)
Source of classification or shelving scheme
Koha item type Book
Holdings
Withdrawn status Lost status Source of classification or shelving scheme Damaged status Not for loan Home library Current library Shelving location Date acquired Total Checkouts Full call number Barcode Date last seen Copy number Price effective from Koha item type
          Riara University Library Riara University Library General stack 10/08/2016   HD8072.T4 1974 7055/16 10/08/2016 C.1 10/08/2016 Book

Riara University Library,
P.O. Box 49940-00100,
Nairobi, Kenya.